| 000 | 00657cab a2200241 4500 | ||
|---|---|---|---|
| 001 | ABS59511 | ||
| 008 | 090401t1998 xxu||||| |||| 00| 0 eng d | ||
| 035 | _a(Sirsi) u89451 | ||
| 041 | _aeng | ||
| 100 | _aGreen, D. | ||
| 245 | _aTurning the tide | ||
| 260 | _c1998 | ||
| 350 | _a0 | ||
| 490 |
_aSurveyor _v185(5507) 29 October 1998, 20-21(2) |
||
| 520 | _aReviews measures currently being undertaken to protect the east coast from rising sea levels. | ||
| 650 | _aCOASTAL DEFENCES | ||
| 650 | _aEAST COAST OF ENGLAND | ||
| 650 | _aFLOOD DEFENCES | ||
| 650 | _aSEA LEVELS | ||
| 690 | _aMARINE RESOURCES | ||
| 942 | _n0 | ||
| 948 | _c03/11/1998 | ||
| 999 |
_c56592 _d56592 |
||